Sweet Love, Bitter Love

Na minha lista:
Detalhes bibliográficos
Autor principal: James, Anna
Formato: Livro
Idioma:English
Publicado em: New York, Estados Unidos A Jove/HBJ Book 1978
Assuntos:
Tags: Adicionar Tag
Sem tags, seja o primeiro a adicionar uma tag!

MARC

LEADER 00000nam a2200000Ia 4500
008 170316s9999 xx 000 0 eng d
040 |a cru BVZT 
090 |a 810 J-2s 
100 |a James, Anna 
245 |a Sweet Love, Bitter Love 
260 |a New York, Estados Unidos 
260 |b A Jove/HBJ Book 
260 |c 1978 
300 |a 507 páginas 
650 |a LITERATURA ESTADOUNIDENSE 
999 |c 5789  |d 5789 
942 |c 15 D  |h 810 J-2s  |2 z